00476nam a2200193Ia 4500003000400000005001700004008004100021020002200062040000700084041000800091082001900099100001800118245004500136260003500181300001600216365001400232650001600246650002000262OSt20230602111553.0210423s2015 xx 000 0 und d a978-93-5084-747-3 cAL aeng a364.15554 AROC aARORA (Anita) aChild trafficking: issues and challenges aNew DelhibCentrum Pressc2015 avii,280bHB b1800cINR aCriminology aSocial Problems